La discographie de TXT - Statistiques

Statistiques générales
  • Ce quiz a été pris 111 fois
    6 depuis la dernière actualisation
  • Le résultat moyen est 62 sur 109
Statistiques - réponses
Réponse % Correct
0x1=LoveSong (I Know I Love You)
100%
9 And Three Quarters (Run Away)
100%
Beautiful Strangers
100%
Blue Hour
100%
Cat & Dog
100%
Crown
100%
Deja Vu
100%
Devil By The Window
100%
Ghost Girl
100%
Good Boy Gone Bad
100%
Heaven
100%
Lo$er=Lo♡er
100%
Lonely Boy (The Tattoo On My Ring Finger)
100%
Moa Diary (Dubaddu Wari Wari)
100%
Over The Moon
100%
Puma
100%
Stick With You
100%
The Killa (I Belong To You)
100%
Blue Orangeade
80%
Chasing That Feeling
80%
Dear Sputnik
80%
Do It Like That
80%
Eternally
80%
Frost
80%
Ghosting
80%
Higher Than Heaven
80%
Ice Cream
80%
Magic
80%
Nap Of A Star
80%
Sugar Rush Ride
80%
Tinnitus (Wanna Be A Rock)
80%
20cm
60%
21st Century Romance
60%
Anti-Romantic
60%
Back For More
60%
Bed Of Thorns
60%
Bird Of Night
60%
Blue Spring
60%
Can't Stop
60%
Can't We Just Leave The Monster Alive ?
60%
Can't You See Me
60%
Dance With You
60%
Danger
60%
Drama
60%
Dreamer
60%
Fairy Of Shampoo
60%
Happy Fools
60%
I'll See You There Tomorrow
60%
Intro ; Dreaming
60%
Ito
60%
Love Language
60%
Maze In The Mirror
60%
Miracle
60%
Our Summer
60%
Outro : Falling
60%
PS5
60%
Quarter Life
60%
Roller Coaster
60%
So What
60%
Sunday Driver
60%
Take Me To Nirvana (feat Vinida Weng)
60%
Thursday's Child Has Far To Go
60%
Way Home
60%
We Lost The Summer
60%
Angel Or Devil
40%
Deep Down
40%
Dream Of Mine
40%
Farewell, Neverland
40%
Forty One Winks
40%
Growing Pain
40%
Happily Ever After
40%
Hydrangea Love
40%
Intro : Floating
40%
Intro : Spark
40%
Magic Island
40%
New Rules
40%
No Rules
40%
Open Always Win
40%
Opening Sequence
40%
Outro : Glow
40%
Outro : Still
40%
Poppin' Star
40%
Resist (Not Gonna Run Away)
40%
Skipping Stones
40%
Song Of The Stars
40%
Take My Half
40%
Trust Fund Baby
40%
Upside Down Kiss
40%
Valley Of Lies
40%
What If I Had Been That Puma
40%
Where Do You Go ?
40%
Everlasting Shine
20%
Eyes
20%
Force
20%
Free Falling
20%
Love Story
20%
Ring
20%
Rise
20%
Whishlist
20%
Your Light
20%
Goodbye Now
0%
Hitori No Yoru
0%
Love Sight
0%
SSS (Sending Secret Signals)
0%
Step By Step
0%
We'll Never Change
0%
Aucun quiz correspondant
Distribution des résultats
% des personnes avec chaque résultat
Percentile par nombre de réponses
Votre historique - résultats
Vous n’avez pas pris ce quiz depuis la dernière actualisation